La Liga Champions Except Big 3 Club in 21C - Statistics

General Stats
  • This quiz has been taken 37 times
  • The average score is 23 of 25
Answer Stats
Season Club Point Manager % Correct
13/14(4) Athletic Club 70 Ernesto Valverde
100%
06/07(3) Sevilla FC 71 Juande Ramos
100%
08/09(3) Sevilla FC 70 Manolo Jiménez
100%
16/17(4) Sevilla FC 72 Jorge Sampaoli
100%
19/20(4) Sevilla FC 70 Julen Lopetegui
100%
21/22(4) Sevilla FC 70 Julen Lopetegui
100%
03/04 Valencia CF 77 Rafael Benitez
100%
05/06(3) Valencia CF 69 Quique Flores
100%
09/10(3) Valencia CF 71 Unai Emery
100%
10/11(3) Valencia CF 71 Unai Emery
100%
11/12(3) Valencia CF 61 Unai Emery
100%
14/15(4) Valencia CF 77 Nuno Santo
100%
15/16(4) Valencia CF 64 Gary r Neville
100%
17/18(4) Valencia CF 73 Marcelino
100%
18/19(4) Valencia CF 61 Marcelino
100%
20/21(4) Sevilla FC 77 Julen Lopetegui
92%
01/02 Valencia CF 75 Rafael Benitez
92%
23/24(3) Girona FC 81 Míchel
84%
99/00 Deportivo Coruña 69 Javier Irureta
80%
00/01(2) Deportivo Coruña 73 Javier Irureta
80%
02/03(2) Real Sociedad 76 Raynald Denoueix
80%
12/13(4) Real Sociedad 66 Philippe Montanier
80%
22/23(4) Real Sociedad 71 Imanol Alguacil
80%
07/08(2) Villarreal CF 77 Manuel Pellegrini
56%
04/05(3) Villarreal CF 65 Manuel Pellegrini
52%
No matching quizzes found
Score Distribution
Percent of People with Each Score
Percentile by Number Answered
Your Score History
You have not taken this quiz